000 00512nam a22001811a 4500
001 11565
003 OSt
005 20260204212248.0
008 130116s2012||||dr ||||||b||||||||||spa||
050 _aRD 928.7293 N857r
100 _aNova, Manuel
245 _aRamon Morrero Aristy: El negro más caro de Trujillo / Manuel Nova
264 _aRepública Dominicana : Ideas Edificadas SRL
300 _a150
500 _aIncluye bibliografia
650 _aMarrero Aristy, Ramon - BiografíaÌ
942 _2ddc
_cBK
999 _c11565
_d11565